Formation de la nation française (Record no. 160256)

MARC details
000 -LEADER
campo de control de longitud fija 01054nam a22002655i 4500
001 - NÚMERO DE CONTROL
campo de control 160256
003 - IDENTIFICADOR DE NÚMERO DE CONTROL
campo de control ES-MaACL
005 - FECHA Y HORA DE LA ÚLTIMA TRANSACCIÓN
campo de control 20230906211959.0
008 - DATOS DE LONGITUD FIJA--INFORMACIÓN GENERAL
campo de control de longitud fija 010723s1900 fr a |||| | fre d
040 ## - FUENTE DE CATALOGACIÓN
Centro catalogador/agencia de origen CCPB | B
Lengua de catalogación spa
Centro/agencia transcriptor CCPB | B
080 ## - NÚMERO DE LA CLASIFICACIÓN DECIMAL UNIVERSAL
Número de la Clasificación Decimal Universal 39(44)
080 ## - NÚMERO DE LA CLASIFICACIÓN DECIMAL UNIVERSAL
Número de la Clasificación Decimal Universal 569.89
100 1# - ENTRADA PRINCIPAL--NOMBRE DE PERSONA
Nombre de persona Mortillet, Gabriel de.
9 (RLIN) 130226
245 10 - MENCIÓN DEL TÍTULO
Título Formation de la nation française
Resto del título : textes, linguistique, palethnologie, anthropologie /
Mención de responsabilidad, etc. par Gabriel de Mortillet.
250 ## - MENCION DE EDICION
Mención de edición 2ème éd. rev.
260 ## - PUBLICACIÓN, DISTRIBUCIÓN, ETC.
Lugar de publicación, distribución, etc. Paris :
Nombre del editor, distribuidor, etc. Ancienne Librairie Germer Baillière et Cª :
-- Félix Alcan,
Fecha de publicación, distribución, etc. 1900 (
Lugar de fabricación/manufactura Tours :
Fabricante E. Arrault et Cie)
300 ## - DESCRIPCIÓN FÍSICA
Extensión 336, :
Otras características físicas il. ;
Dimensiones 22 cm.
490 1# - MENCIÓN DE SERIE
Mención de serie Bibliothèque scientifique internationale ; 86
500 ## - NOTA GENERAL
Nota general Avec 153 gravures et cartes dans le texte.
650 #4 - PUNTO DE ACCESO ADICIONAL DE MATERIA--TÉRMINO DE MATERIA
Término de materia o nombre geográfico como elemento de entrada Antropología cultural y social-
Subdivisión geográfica Francia.
9 (RLIN) 147560
650 #4 - PUNTO DE ACCESO ADICIONAL DE MATERIA--TÉRMINO DE MATERIA
Término de materia o nombre geográfico como elemento de entrada Hombre prehistórico-
Subdivisión geográfica Francia.
9 (RLIN) 147561
830 0# - PUNTO DE ACCESO ADICIONAL DE SERIE-TÍTULO UNIFORME
Título uniforme Bibliothèque scientifique internationale ; 86
9 (RLIN) 222034
852 ## - LOCALIZACIÓN
Ubicación ES-MaACL
Número de control de estantería F-14415
Nota libre -- Enc. editorial en tela
Holdings
Estatus retirado Estado de pérdida Estado de daño No para préstamo Colección Biblioteca de origen Biblioteca actual Ubicación en estantería Fecha de adquisición Fuente de adquisición Total de préstamos Signatura topográfica completa Código de barras Visto por última vez Precio de reemplazo Tipo de ítem Koha
        Libros del s. XIX Biblioteca del Ateneo de Madrid Biblioteca del Ateneo de Madrid Sala Pecera Planta 2 17/01/2008     F-14415 1167800 23/02/2023 23/02/2023 Libro impreso antiguo